LEADER 00986cam0 2200253 450 001 E600200058713 005 20161128100021.0 100 $a20100121d1999 |||||ita|0103 ba 101 $aita 102 $aIT 200 1 $a<<" >>Stelle e strisce" sotto la lanterna$eil commercio tra Stati Uniti e Genova dalla seconda presidenza Madison alla guerra civile$fRosario Battaglia 210 $aMessina$cEdas$d1999 215 $a185 p.$d21 cm 300 $a(ac) 700 1$aBattaglia$b, Rosario$3A600200059282$4070$0157767 801 0$aIT$bUNISOB$c20161128$gRICA 850 $aUNISOB 852 $aUNISOB$jFondo|Craveri$m147248 912 $aE600200058713 940 $aM 102 Monografia moderna SBN 941 $aM 957 $aFondo|Craveri$b000247$gSi$d147248$hCraveri$rdono$1catenacci$2UNISOB$3UNISOB$420100121104117.0$520161128100021.0$6catenacci$fModalità di consultazione vedi home page Biblioteca link Fondi 996 $aStelle e strisce" sotto la lanterna$91706991 997 $aUNISOB LEADER 01468nam0 2200313 i 450 001 PUV1349214 005 20231121125622.0 010 $a9788813332099 100 $a20131126d2012 ||||0itac50 ba 101 | $aita 102 $ait 181 1$6z01$ai $bxxxe 182 1$6z01$an 200 1 $a˜L'œimpugnazione delle delibere del consiglio d'amministrazione nelle società per azioni$estudio sui rapporti tra tutela specifica e tutela risarcitoria$fSilvana Dalla Bontà 210 $a[Assago]$cCEDAM$d2012 215 $aXX, 342 p.$d24 cm 225 | $aDipartimento di scienze giuridiche, Università di Trento$v103 410 0$1001CFI0117184$12001 $aDipartimento di scienze giuridiche, Università di Trento$v103$171201$aUniversità degli studi di Trento$b : Dipartimento di scienze giuridiche$3CFIV072423 606 $aSocietà$xConsiglio di Amministrazione$xDeliberazioni$2FIR$3RMLC394910$9I 676 $a346.4506645$9$v21 700 1$aDalla Bontà$b, Silvana$3UFEV319132$0616195 801 3$aIT$bIT-01$c20131126 850 $aIT-FR0098 899 $aBiblioteca Area Giuridico Economica$bFR0098 $eN 912 $aPUV1349214 950 0$aBiblioteca Area Giuridico Economica$d 53DEG 27 138$e 53DEG0000003105 VMN A4 $fA $h20120101$i20131209 977 $a 53 996 $aImpugnazione delle delibere del consiglio d'amministrazione nelle società per azioni$91080710 997 $aUNICAS